Programmirovanije na jazyke Paskal' Praktičeskoje rukovodstvo

Saved in:
Bibliographic Details
Main Author: Price, D.
Format: Book
Language:Russian
Published: Moskva Mir 1987
Edition:1. izd.
Tags: Add Tag
No Tags, Be the first to tag this record!

MARC

LEADER 00000nam a2200000 4500
001 c024558
005 20221219132138.7
041 0 |a rus 
044 |a RU 
245 1 0 |a Programmirovanije na jazyke Paskal'  |b Praktičeskoje rukovodstvo  |c D. Price 
250 |a 1. izd. 
264 1 |a Moskva  |b Mir  |c 1987 
300 |a 231 s. 
100 1 |a Price, D.